| 000 | 02348cam a22005414a 4500 | ||
|---|---|---|---|
| 001 | 22347557 | ||
| 003 | BD-ChCU | ||
| 005 | 20240327095139.0 | ||
| 006 | m |o d | | ||
| 007 | cr ||||||||||| | ||
| 008 | 100323s2010 cau ob s001 0 eng | ||
| 010 | _a 2020758887 | ||
| 020 |
_a9780520948235 _qebook |
||
| 020 | _z9780520267343 (cloth : alk. paper) | ||
| 020 | _z0520267346 (cloth : alk. paper) | ||
| 020 | _z9780520267350 (pbk. : alk. paper) | ||
| 020 | _z0520267354 (pbk. : alk. paper) | ||
| 040 |
_aDLC _beng _epn _cDLC |
||
| 043 | _an-us--- | ||
| 050 | 0 | 0 | _aRA448.5.N4 |
| 060 | 0 | 0 | _a2011 C-030 |
| 060 | 1 | 0 |
_aWS 200 _bM444p 2010 |
| 082 | 0 | 0 |
_a362.19892008996073 M 435p _222 |
| 100 | 1 |
_aMattingly, Cheryl, _d1951- |
|
| 245 | 1 | 4 |
_aThe paradox of hope : _bjourneys through a clinical borderland / _cCheryl Mattingly. |
| 260 |
_aBerkeley : _bUniversity of California Press, _cc2010. |
||
| 300 | _a1 online resource (xv, 268 p.) | ||
| 504 | _aIncludes bibliographical references and index. | ||
| 505 | 0 | _aThe lobby -- Narrative matters -- Border trouble -- Widening the gap : the creation of a conflict drama -- Plotting hope -- Daydreaming : Captain Hook gets speech therapy -- Fleeting hope -- Narrative phenomenology and the practice of hope. | |
| 588 | _aDescription based on print version record and CIP data provided by publisher; resource not viewed. | ||
| 650 | 0 |
_aAfrican Americans _xMedical care _zUnited States. |
|
| 650 | 0 |
_aChronically ill children _xMedical care _zUnited States. |
|
| 650 | 0 |
_aMedical anthropology _zUnited States. |
|
| 650 | 0 |
_aPoor _xMedical care _zUnited States. |
|
| 650 | 0 |
_aSocial medicine _zUnited States. |
|
| 650 | 0 |
_aMedical personnel and patient _zUnited States. |
|
| 650 | 1 | 2 |
_aChronic Disease _zUnited States. |
| 650 | 2 | 2 |
_aAfrican Americans _zUnited States. |
| 650 | 2 | 2 |
_aAnthropology, Cultural _zUnited States. |
| 650 | 2 | 2 |
_aChild _zUnited States. |
| 650 | 2 | 2 |
_aNarration _zUnited States. |
| 650 | 2 | 2 |
_aPoverty _zUnited States. |
| 650 | 2 | 2 |
_aProfessional-Family Relations _zUnited States. |
| 776 | 0 | 8 |
_iPrint version: _tThe paradox of hope _dBerkeley : University of California Press, c2010. _z9780520267343 (cloth : alk. paper) _w(DLC) 2010009492 |
| 906 |
_a0 _bcbc _corigcop _d1 _eecip _f20 _gy-gencatlg |
||
| 942 |
_2ddc _cBK _n0 |
||
| 999 |
_c103950 _d103950 |
||